zpět

Detail výsledku týmu

Sportbar Penalta, Přerov

Datum a čas kvízu

31.5 Celkem bodů Celkový počet nahraných bodů na tomto kvízu bez doplňovacích otázek.
5. Pořadí na kvízu Konečné umístění týmu na tomto kvízu.

Zaznamenané odpovědi

# Otázka Odpověď Body Výsledky
1. Obličej kterého politika byl v... Petra Macinky 1
2. Balendra Šáh se v pátek stal p... A 0
3. Díky novým technologiím se za... Val Kilmer 0
4. Automobilka Škoda se rozhodla... v Číně 1
5. Který hráč zvítězil minulý týd... Pavel Šulc 1
6. „Jaké je hlavní město Gabonské... D 0
7. AZ Kvíz se na obrazovkách obje... 1 100 Kč 1
8. Doplňte tři slova do sloganu s... který vám zaplatí 1
9. Která herečka se objevuje v pa... Jiřina Bohdalová 1
10. Kdo byl moderátorem soutěže, j... Marek Eben, Valtice 1